| 000 | 00627 a2200169 4500 | ||
|---|---|---|---|
| 003 | IT-RoPau | ||
| 005 | 20220918175943.0 | ||
| 008 | 130301b xxu||||| |||| 00| 0 eng d | ||
| 040 | _cIT-RoPau | ||
| 245 | _aIl Direttorio della Pia Societa San Paolo | ||
| 250 | _a1° ed | ||
| 260 |
_aOstia-Lido _bPSSP _c1966 |
||
| 300 |
_a443 pp. _c18,5 cm |
||
| 490 | _aEP | ||
| 520 | _aIndice Introduzione Carta d'identità della Pia Società San Paolo Parte prima Fine e membri della Pia Società San Paolo Parte seconda Vita e opere della Pia Società San Paolo Parte terza Governo della Pia Società San Paolo | ||
| 942 |
_2ddc _cBK |
||
| 999 |
_c38166 _d38166 |
||